Inovačný system a podniky

Inovačný systém predstavuje jeden z prostriedkov na zvyšovanie výkonnosti podnikov. Jeho súčasťou sú inštitúcie na rôznych úrovniach pôsobenia, od európskych, národných, regionálnych až po sektorové. V súčasnosti okrem zvyšovania výkonnosti podnikov je inovačný systém jedným zo základných pilierov a...

Descrizione completa

Salvato in:
Dettagli Bibliografici
Autore principale: Loučanová, Erika
Natura: Capitolo di libro
Lingua:slovacco
Soggetti:
Tags: Aggiungi Tag
Nessun Tag, puoi essere il primo ad aggiungerne!!

MARC

LEADER 00000nla a2200000 4500
001 0214069
005 20240417075105.1
041 0 |a slo 
044 |a SK 
245 1 0 |a Inovačný system a podniky  |c Erika Loučanová 
520 |a Inovačný systém predstavuje jeden z prostriedkov na zvyšovanie výkonnosti podnikov. Jeho súčasťou sú inštitúcie na rôznych úrovniach pôsobenia, od európskych, národných, regionálnych až po sektorové. V súčasnosti okrem zvyšovania výkonnosti podnikov je inovačný systém jedným zo základných pilierov aj znalostnej ekonomiky ako efektívneho systému pre podporu inovácií. Aplikácia metódy zhlukovej analýzy a popis výsledných zoskupení využívania vybraných nástrojov inovačného systému SR podľa ich poznania a využívania v podnikoch. 
610 2 0 |a analýza zhluková 
610 2 0 |a výkonnosť podniku 
610 2 0 |a výkony podnikové 
610 2 0 |a podnik 
610 2 0 |a inovácia 
610 2 0 |a stratégia inovačná 
100 1 |a Loučanová, Erika